000 00683nam a2200253Ia 4500
003 OSt
005 20220924131819.0
006 a|||||r|||| 00| 0
007 ta
008 220923b |||||||| |||| 00| 0 tel d
020 _cRs.1
024 _a345135
037 _cTextual
040 _aARTS
_cARTS
_btel
041 _2tel
_atel
082 _aX:9.73.N5, 35K0
100 _aCharya N.S.Ramanuja Au.
_9202964
245 0 _aKarmikodyama Charitra
260 _aVijayawada
_bDesi Kavita Mandali India
_c1960
300 _a75p.
_ccm.
650 _aECONOMICS
942 _hX:9.73.N5, 35K0
_cTEXL
_2CC
999 _c428301
_d428301